Arabic and Persian inscriptions of Bengal : (Record no. 2362)

MARC details
000 -LEADER
fixed length control field 01124nam a2200265 a 4500
003 - CONTROL NUMBER IDENTIFIER
control field BD-DhJNU
005 - DATE AND TIME OF LATEST TRANSACTION
control field 20251112090929.0
008 - FIXED-LENGTH DATA ELEMENTS--GENERAL INFORMATION
fixed length control field 190628s2017 bg ab b 001 0 eng
020 ## - INTERNATIONAL STANDARD BOOK NUMBER
International Standard Book Number 9789843448651
040 ## - CATALOGING SOURCE
Original cataloging agency BD-DhJNU
Language of cataloging ENG
Transcribing agency BD-DhJNU
Modifying agency BD-DhJNU
082 00 - DEWEY DECIMAL CLASSIFICATION NUMBER
Classification number 954.9203 SIA
Edition number 23
100 1# - MAIN ENTRY--PERSONAL NAME
Personal name Siddiq, Mohammad Yusuf,
Relator term author.
245 10 - TITLE STATEMENT
Title Arabic and Persian inscriptions of Bengal :
Remainder of title with 607 plates /
Statement of responsibility, etc. Mohammad Yusuf Siddiq ; general editor, Enamul Haque.
264 #1 - PRODUCTION, PUBLICATION, DISTRIBUTION, MANUFACTURE, AND COPYRIGHT NOTICE
Place of production, publication, distribution, manufacture Dhaka, Bangladesh :
Name of producer, publisher, distributor, manufacturer The International Centre for Study of Bengal Art,
Date of production, publication, distribution, manufacture, or copyright notice 2017.
300 ## - PHYSICAL DESCRIPTION
Extent 800 pages :
Other physical details illustrations (black and white, and color), maps (black and white) ;
Dimensions 29 cm.
490 0# - SERIES STATEMENT
Series statement Studies in Bengal art series ;
Volume/sequential designation no. 13
504 ## - BIBLIOGRAPHY, ETC. NOTE
Bibliography, etc. note Includes bibliographical references (pages 769-782) and index.
546 ## - LANGUAGE NOTE
Language note Includes passages in Arabic and Persian.
650 #0 - SUBJECT ADDED ENTRY--TOPICAL TERM
Topical term or geographic name entry element Islamic inscriptions
Geographic subdivision India
-- Bengal.
650 #0 - SUBJECT ADDED ENTRY--TOPICAL TERM
Topical term or geographic name entry element Islamic inscriptions
Geographic subdivision Bangladesh.
651 #0 - SUBJECT ADDED ENTRY--GEOGRAPHIC NAME
Geographic name Bangladesh
General subdivision History.
700 1# - ADDED ENTRY--PERSONAL NAME
Personal name Haque, Enamul,
Dates associated with a name 1936-
Relator term editor.
710 2# - ADDED ENTRY--CORPORATE NAME
Corporate name or jurisdiction name as entry element International Centre for Study of Bengal Art,
Relator term publisher.
942 ## - ADDED ENTRY ELEMENTS (KOHA)
Koha item type Books
Holdings
Withdrawn status Lost status Source of classification or shelving scheme Damaged status Not for loan Collection Home library Current library Shelving location Date acquired Source of acquisition Total checkouts Full call number Barcode Date last seen Copy number Price effective from Koha item type
    Dewey Decimal Classification     Non-fiction Jagannath University Central Library Jagannath University Central Library General stacks 11/12/2025 Purchased   954.9203 SIA JNUCL36283 11/12/2025 1 11/12/2025 Books